| 000 | 00824 a2200229 4500 | ||
|---|---|---|---|
| 003 | Nust | ||
| 005 | 20221014081438.0 | ||
| 010 | _a 99068192 | ||
| 020 | _a (acid-free paper) | ||
| 040 | _cNust | ||
| 082 | 0 | 0 | _a552.521,SEL |
| 100 | 1 |
_aSelley, Richard C., _950895 |
|
| 245 | 1 | 0 |
_aApplied sedimentology / _cRichard C. Selley. |
| 250 | _a2nd ed. | ||
| 260 |
_aSan Diego : _bAcademic Press, _cc2000. |
||
| 300 |
_ax, 523 p. : _bill. (some col.) ; _c24 cm. |
||
| 505 | _aPart-1: Rock to Sediment (Page-21), Part-2: Sediment Sedimented (Page-89), Part-3: Sediment to Rock (Page-309). | ||
| 650 | 0 |
_aSedimentology. _92395 |
|
| 856 | 4 | 1 |
_3Publisher description _uhttp://www.loc.gov/catdir/description/els033/99068192.html |
| 856 | 4 | 1 |
_3Table of contents _uhttp://www.loc.gov/catdir/toc/els033/99068192.html |
| 942 |
_2ddc _cBK |
||
| 999 |
_c178443 _d178443 |
||